000 004050000a22001690004500
003 MACL
005 20160129143023.0
008 160129b xxu||||| |||| 00| 0 eng d
040 _aMACL
_cMACL
041 _aEnglish
082 _a823/BAL
100 _aBaldacci, David
_935352
245 _aTotal Control
260 _bPocket Books
_c1997
_aLondon
650 _aFiction
_935353
942 _cBK
_k823/Bal
_2ddc
999 _c31319
_d31319